| 000 | 00998cab a2200301 4500 | ||
|---|---|---|---|
| 001 | ABS47432 | ||
| 008 | 090401t1992 xxu||||| |||| 00| 0 eng d | ||
| 035 | _a(Sirsi) u61922 | ||
| 041 | _aeng | ||
| 245 | _aGloucs and Wiltshire | ||
| 260 | _c1992 | ||
| 350 | _a0 | ||
| 490 |
_aEstates Times _v(1167) 13 November 1992, 29-38(10) |
||
| 520 | _aAn Estates Times Survey on the office, retail and industrial market in Swindon, Chippenham, Salisbury, Gloucester, Tewkesbury, Cirencester and Cheltenham, discusses planning policy along this sector of the M4 corridor and marketing moves to attract industry to the area. | ||
| 650 | _aCHELTENHAM | ||
| 650 | _aCHIPPENHAM | ||
| 650 | _aCIRENCESTER | ||
| 650 | _aGLOUCESTER | ||
| 650 | _aGLOUCESTERSHIRE | ||
| 650 | _aM4 CORRIDOR | ||
| 650 | _aSALISBURY | ||
| 650 | _aSWINDON | ||
| 650 | _aTEWKESBURY | ||
| 650 | _aWILTSHIRE | ||
| 690 | _aPROPERTY-COMMERCIAL PROPERTY-COMMERCIAL PROPERTY MARKET | ||
| 942 | _n0 | ||
| 948 | _c04/03/1997 | ||
| 999 |
_c38415 _d38415 |
||